Estatísticas para Quiz da Bahia

Clique aqui para jogar o quiz

Estatísticas Gerais

  • Esse quiz foi jogado 213 vezes
  • A pontuação média é 18 de 28

Estatísticas das Respostas

PistaResposta% Correto
Capital e maior cidadeSalvador
100%
Biomas presentes no estado (nomeie qualquer um deles)Caatinga | Cerrado | Mata Atlântica
96%
Segunda maior cidadeFeira de Santana
93%
Comida típica mais famosaAcarajé
90%
A maior divisa é feita com esse estadoMinas Gerais
87%
Clube com mais títulos estaduaisBahia
85%
Número de divisas estaduais que a Bahia possui, a maior entre todas as UFs8
78%
Baía que dá nome ao estadoBaía de Todos os Santos
78%
Bairro histórico e turístico da capitalPelourinho
77%
Óleo utilizado para preparar o prato acima, extraído do fruto da palmeiraDendê
74%
Rio mais extenso do estadoSão Francisco
74%
Cidades que reinvindicam o título de primeiro local de desmbarque dos portugueses no Brasil (nomeie qualquer uma delas)Porto Seguro | Prado | Santa Cruz Cabrália
71%
Icônica cantora de axé, nascida em JuazeiroIvete Sangalo
70%
Pulseira de várias cores, considerada amuleto e souvenir da capitalFita do {Senhor do Bonfim}
66%
Maior estádio, com capacidade para quase 52 mil pessoasArena Fonte Nova
64%
Governador do estadoRui Costa
63%
Escola de tambores afro-brasileiros que se apresenta no local acimaOlodum
61%
Cidade da região metropolitana da capital com muitas indústrias e um polo petroquímicoCamaçari
59%
Região geográfica localizada em torno da baía acima{Recôncavo} Baiano
55%
Autor de livros como Tieta do Agreste e Capitães da AreiaJorge Amado
53%
Cerca de 90% da produção nacional desse fruto vem da BahiaCacau
51%
Parque nacional localizado no centro do estadoChapada Diamantina
47%
Maior cidade do oeste do estado, localizada em uma das maiores fronteiras agrícolas do paísBarreiras
42%
Jogador de futebol com o maior número de títulos na históriaDaniel Alves
41%
Movimento musical representado por diversos músicos baianos como: Caetano Veloso, Gal Costa, Gilberto Gil, Tom Zé entre outrosTropicália
39%
Cantor famoso por popularizar o rock no paísRaul Seixas
34%
Produto mais exportadoPetróleo Refinado
23%
Presidente que nasceu a bordo de um navio em 1930, mas foi registrado na capitalItamar Franco
20%

Distribuição das Pontuações

Percentil de Números Respondidos

Porcentagem de Pessoas com Cada Pontuação

Sua Pontuação Histórica

Você não jogou esse quiz